Cách đặt tên cho con
محفوظ في:
| المؤلف الرئيسي: | |
|---|---|
| التنسيق: | كتاب |
| اللغة: | Undetermined |
| منشور في: |
h.
VHTT
2002
|
| الموضوعات: | |
| الوسوم: |
إضافة وسم
لا توجد وسوم, كن أول من يضع وسما على هذه التسجيلة!
|
| Thư viện lưu trữ: | Trung tâm Học liệu Trường Đại học Cần Thơ |
|---|
| LEADER | 00506nam a2200181Ia 4500 | ||
|---|---|---|---|
| 001 | CTU_54356 | ||
| 008 | 210402s9999 xx 000 0 und d | ||
| 020 | |b 35000 | ||
| 082 | |a 392.12 | ||
| 082 | |b H401 | ||
| 100 | |a Quan Hi Hoa | ||
| 245 | 0 | |a Cách đặt tên cho con | |
| 245 | 0 | |c Quan Hi Hoa; Hà Sơn và Thanh Anh biên dịch | |
| 260 | |a h. | ||
| 260 | |b VHTT | ||
| 260 | |c 2002 | ||
| 650 | |a names, personal,manners and customs | ||
| 980 | |a Trung tâm Học liệu Trường Đại học Cần Thơ | ||